000 00796nam a2200217 i 4500
001 78382
003 ES-MaACL
005 20231205202859.0
007 t|
008 041014s1955 sp ||||1| spa d
100 1 _aHatzfeld, Helmut.
_962079
245 1 0 _aBibliografía crítica de la nueva estilística
_b: aplicada a las literaturas románticas /
_cHelmut Hatzfeld ; [traducción del inglés por Emilio Lorenzo Criado].
260 _aMadrid :
_bGredos,
_c[1955] (
_fBenzal)
300 _a660 p. ;
_c20 cm.
490 1 _aBiblioteca románica hispánica
650 4 _aLiteratura románica-
_vBibliografías.
_9151986
700 1 _aLorenzo, Emilio,
_d1918-2002
_974146
830 0 _aBiblioteca románica hispánica
_9180746
852 _aES-MaACL
_jC-10405
_bR.38030
999 _c78382
_d78382